Statistics for Aladdin Characters Quiz

Click here to take the quiz!

General Stats

  • This quiz has been taken 188 times
  • The average score is 7 of 11

Answer Stats

DescriptionCharacter% Correct
A poor, but kind-hearted Agrabah thiefAladdin
99%
The princess of Agrabah, who is tired of life in the royal palacePrincess Jasmine
99%
The power-hungry Grand Vizier of AgrabahJafar
97%
A comedic genie, with nigh omnipotent power that can only be exercised when his master wishes itThe Genie
95%
Aladdin's kleptomaniac pet monkey with a high-pitched voiceAbu
91%
The pompous, but kind ruler of Agrabah, who desperately tries to find a suitor for his daughter JasmineThe Sultan
76%
Jafar's sarcastic, foul-mouthed parrot assistantIago
73%
The Captain of the GuardRazoul
20%
A thief that Jafar sends into the Cave of Wonders at the beginning of the film but is trapped inside for being unworthyGazeem
16%
A snobbish prince who is rejected by Princess Jasmine as her suitorPrince Achmed
14%
A mysterious merchant who appears at the beginning of the filmPeddler
8%

Score Distribution

Percentile by Number Answered

Percent of People with Each Score

Your Score History

You have not taken this quiz